Responses for Show #7590 - Friday, September 15, 2017

Contestants

[<< previous game]

Julien Corven, a math teacher from Parkville, Maryland

Sarah Reisert, an awards program manager from Devon, Pennsylvania

Ellen Wernecke, a social media analyst from Chicago, Illinois (whose 1-day cash winnings total $6,500)

[next game >>]

Jeopardy! Round responses

THE VIETNAM WAR
(Alex: The first category will have clues from a new PBS series from Ken Burns and Lynn Novick, The Vietnam War, making its debut this Sunday.)
ANIMATED FELINES
GOVERNMENT FOLKS WITH 2 FIRST NAMES?
HOMOPHONIC PAIRS
SEAS
STOCK SYMBOLS ON THE DOW
(Alex: The Industrial Average, of course.)
    $200 19
the Gulf of Tonkin

Ellen
    $200 1
Sylvester

Julien
    $200 5
Chris Christie

Julien
    $200 7
ate eight

Julien
    $200 16
(Sarah: What is the Mediterranean?)
(Alex: Be more specific.)
(Sarah: What is the Mediterranean Sea?)

the Aegean

EllenSarah
    $200 23
Walmart

Julien
    $400 20
(Ellen: Who is Nixon)

LBJ, Lyndon Johnson

Ellen
Triple Stumper
    $400 2
(Ellen: Who is Itchy?)

Scratchy

EllenSarah
    $800 6
John Glenn

Julien
    $400 8
sees seas

Sarah
    $400 17
the Black Sea

Triple Stumper
    $400 24
Caterpillar

Julien
    $600 21
propaganda

Julien
    $600 3
Felix

Ellen
    $600 13
Rick Perry

Ellen
    $600 9
stationary stationery

Triple Stumper
    $600 18
(Ellen: What is the White Sea?)

the Yellow Sea

Ellen
Triple Stumper
    $600 25
American Express

Sarah
    $800 29
the silent majority

Sarah
    $800 4
The Secret Life of Pets

Ellen
    $800 14
John Dean

Triple Stumper
    $800 10
(Julien: What is cold mold?)

chilly chili

Julien
Triple Stumper
    $800 22
the Bering Sea

Triple Stumper
    $800 26
Goldman Sachs

Ellen
    $1000 30
1982

Triple Stumper
    $1000 12
Figaro

Ellen
    $1000 15
Lamar Alexander

Ellen
    $1000 11
(Ellen: What is a missile [miss-SIGH-el] missal [MISS-ul]?)

a missile missal

Ellen
    $1000 28
the Coral Sea

Triple Stumper
    $1000 27
Pfizer

Julien

Scores at the first commercial break (after clue 15):

Ellen Sarah Julien
$4,600 $800 $600

Scores at the end of the Jeopardy! Round:

Ellen Sarah Julien
$4,800 $2,000 $2,800

Double Jeopardy! Round responses

THE 14th CENTURY
IRISH STEW
2017 BILLBOARD HITS
CHEMISTRY
"PEN" PALS
THE STATE OF LITERATURE
(Alex: Name the state where each work is primarily set.)
    $400 19
(Ellen: What is Norway, Sweden and Finland?)

Norway, Sweden and Denmark

Ellen
Triple Stumper
    $400 23
Liam

Ellen
    $400 3
Drake

Julien
    $400 1
rust

Triple Stumper
    $400 5
penalty

Julien
    $400 9
Washington state

Ellen
    $800 20
the library of the king

Sarah
    $800 24
the potato famine

Ellen
    $800 14
Fitz

Ellen
    $800 2
bromine

Ellen
    $800 6
a pencil

Sarah
    $4,000 10
(Alex: Takes place mostly in Savannah.)

Georgia

Ellen
    $1,200 21
(Alex: And that word was quarantine.)

40

Sarah
    $1200 25
Irish Spring

Julien
    $1200 15
Lady Gaga

Sarah
    $1200 4
a base

Triple Stumper
    $1200 7
(Julien: What is penitentiary?)

penology

Julien
Triple Stumper
    $1200 11
California

Ellen
    $1600 22
the Ming dynasty

Ellen
    $1600 26
a drum

Sarah
    $1600 16
Rolex

Julien
    $1600 29
an opiate

Ellen
    $1600 8
penurious

Ellen
    $1600 12
Louisiana

Sarah
    $2000 28
(Ellen: Who is Genghis Khan?)

Tamerlane (Timur the Lame)

Ellen
Triple Stumper
    $2000 27
Brian Boru

Triple Stumper
    $2000 18
Jennifer Lopez

Ellen
    $2000 30
a K

Triple Stumper
    $2000 17
the penumbra

Julien
    $2000 13
Montana

Ellen

Scores at the end of the Double Jeopardy! Round:

Ellen Sarah Julien
$19,600 $9,200 $7,200
(lock game)

[wagering suggestions for these scores]

Final Jeopardy! Round responses

GLOBAL ORGANIZATIONS
JulienWhat is Interpol?
$7,000
SarahWhat is the Fraternal Order of Police?
$3,000
EllenWhat is the Fraternal Police Order?
$1,190
Interpol

Final scores:

Ellen Sarah Julien
$18,410 $6,200 $14,200
2-day champion: $24,910 3rd place: $1,000 2nd place: $2,000

Game dynamics:

Coryat scores:

Ellen Sarah Julien
$16,400 $9,200 $6,800
21 R
(including 1 DD),
5 W
10 R
(including 1 DD),
1 W
13 R
(including 1 DD),
2 W

Combined Coryat: $32,400

[game clues] [game scores] [suggest correction]

Game tape date: 2017-04-17
The J! Archive is created by fans, for fans. Scraping, republication, monetization, and malicious use prohibited; this site may use cookies and collect identifying information. See terms. The Jeopardy! game show and all elements thereof, including but not limited to copyright and trademark thereto, are the property of Jeopardy Productions, Inc. and are protected under law. This website is not affiliated with, sponsored by, or operated by Jeopardy Productions, Inc. Join the discussion at JBoard.tv.